| 000 | 00536nam a22001937a 4500 | ||
|---|---|---|---|
| 999 |
_c527714 _d527714 |
||
| 003 | NUST | ||
| 005 | 20190806060119.0 | ||
| 008 | 190806b ||||| |||| 00| 0 eng d | ||
| 038 | _aMR. Noman | ||
| 082 | _a658.4 | ||
| 100 |
_aAtta ur Rehman _919115 |
||
| 245 |
_aSelection of Officers on Short Service Commission / _cAtta Ur Rehman. |
||
| 260 |
_aIslamabad: _bNBS - NUST, _c2016. |
||
| 300 |
_a48 p.: ill.; _c30cm. |
||
| 500 | _aHardcover. | ||
| 650 |
_aEMBA Thesis. _917645 |
||
| 700 |
_aMomin Durrani. _919116 |
||
| 942 |
_2ddc _cTHE |
||